000 01163nam a22003257a 4500
003 CHAP
005 20220817044535.0
008 120817d2010 mx a r 00010 spa d
010 _a103670
011 _a104642
020 _a978-607-402-217-9(PyV)
020 _a9786074770438(UAMI)
035 _a115332
040 _cCHAP
082 0 4 _a338.91
_bD44
245 0 0 _aDesarrollo local :
_bteorías, políticas y experiencias
_c/coordinado por Rocío Rosales Ortega y Pablo Chauca Malásquez
260 _aMéxico :
_bUniversidad Autónoma Metropolitana, Unidad Iztapalapa :
_bPlaza y Valdés
_c2010
300 _a367 p. :
_bilus., cuadros
590 _aBATCH-UPD
_b10
_c20130110
_lUCH01
_h1247
590 _aBATCH-UPD
_b10
_c20130410
_lUCH01
_h0811
590 _aBATCH-UPD
_b10
_c20130914
_lUCH01
_h0821
590 _aCONVERSION
_b10
_c20130109
_lUCH01
_h1357
650 1 4 _aCambio estructural.
_917784
650 1 4 _aPolítica económica.
700 1 _aChauca Malásquez, Pablo
_e, coord.
_922020
700 1 _aRosales Ortega, Rocío
_e, coord.
_999928
901 _aBK
942 _cLIBRO
949 _a338.91 D44
_bBC
_cLIBRO
_d33724002322272
_eLIBRO
_h117292
_i115332
_st
999 _c103670
_d103670